| 000 | 00655nam a22001937a 4500 | ||
|---|---|---|---|
| 003 | OSt | ||
| 005 | 20251024020101.0 | ||
| 008 | 251014b |||||||| |||| 00| 0 eng d | ||
| 020 | _a971-0388-45-5. | ||
| 040 |
_aDWCL-Main lib _cOC |
||
| 082 | _aFil. 371.26 G216m 2008 | ||
| 100 | _aGarcia, Carlito D. | ||
| 245 |
_aMeasuring and evaluating learning outcomes : _ba textbook an assessment of learning 1 & 2 |
||
| 260 |
_aMandaluyong City : _bBooks Atbp. Pub. Co., _cc2008. |
||
| 300 |
_axiv, 324 pages : _billustration ; _c25 cm. |
||
| 650 | _21. Educational evaluation. | ||
| 650 | _22. Educational tests and measurements. | ||
| 942 |
_2ddc _cBK-CIRC _kCirc. _n0 |
||
| 999 |
_c4875 _d4875 |
||